| 000 | 00436nam a22001577a 4500 | ||
|---|---|---|---|
| 003 | PILC | ||
| 005 | 20151012102124.0 | ||
| 008 | 151012b xxu||||| |||| 00| 0 eng d | ||
| 020 | _a9780743442275 | ||
| 050 |
_aPZ 7 _b.M647 2006 |
||
| 100 | _aMiller, Linda Lael. | ||
| 245 |
_aI'll be home for christmas / _cLinda Lael Miller. |
||
| 260 |
_aNew York : _bPocket books, _c2006. |
||
| 300 |
_av, 421pages ; _c19 cm. |
||
| 942 |
_2lcc _cBK _kFOR |
||
| 999 |
_c288844 _d288844 |
||